000 00746 a2200205 4500
010 _aENG-88623
020 _c325.00
_a8188261149
035 _aEN-72156
037 _bDBAD / PUB
082 1 4 _a230.35
090 _c9077
_d9077
100 _aNatarajan, A.R.
245 1 _aPictorial biography and teachings of H.H. Chandrasekhara Bharati Mahaswamin/
_cby A.R. Natarajan
260 _aBangalore
_bRamana Maharshi Centre for Learning
_c2004
270 _aPost Office Road, Sanjay Nagar,
_bBangalore
_cKarnataka
_e560 094
300 _axviii, 201p. :
_c24cm (pbk)
_bcol. photos
500 _aIncludes index
942 _adpl
_cEN
_k230.35 / NAT
999 _c8913
_d8913